000
00272nam a22001097a 4500
008
170125b xxu||||| |||| 00| 0 eng d
020
_a
9780803627673
041
_a
eng
080
_2
7TH
_a
618.2
245
_a
PSYCHIATRIC MENTAL HEALTH NURSING
_c
TOWNSEND, M.C
942
_2
udc
_c
BK
999
_c
3589
_d
3589